| 000 | 01313nam0a22003011 4500 | ||
|---|---|---|---|
| 001 | RU\NLR\INFOCOMM_89\5000596984 | ||
| 005 | 20250613095547.0 | ||
| 035 | _a(NLR Aleph) 009298553 | ||
| 090 |
_a9264570 _c9264570 |
||
| 100 | _a20101012d1983 |||y0rusy50 ca | ||
| 101 | 0 | _aeng | |
| 102 | _aRU | ||
| 105 | _aa ||||000|y | ||
| 200 | 1 |
_aThe experimental investigation of the muon catalyzed dd-fusion process _fD. V. Balin, A. I. Ilyin, E. M. Maev et al. |
|
| 210 |
_aL. _cЛИЯФ _d1983 |
||
| 215 |
_a16 с. _cил. _d20 см |
||
| 225 | 1 |
_aPreprint _fAcad. of science of the USSR, Leningrad nuclear physics inst. _v895 |
|
| 300 | _aНа обороте тит. л.: Экспериментальное исследование мюонного катализа dd-синтеза: Направлено на III Междунар. конф. по новым подходам к пробл. ядерной энергии, Хельсинки, 1983 / Д. В. Балин и др. | ||
| 300 | _aНа обл. надзаг. на рус. яз. | ||
| 320 | _aБиблиогр.: с. 16 | ||
| 606 |
_aКатализ мюонный _2nlr_sh1 |
||
| 686 |
_aГ555.2 _2rubbk |
||
| 701 | 1 |
_aBalin _bD. V. _4070 |
|
| 801 | 1 |
_aRU _bNLR _c20101012 |
|
| 801 | 0 |
_aRU _bNLR _gPSBO |
|
| 852 |
_aNLR _jХ01 Д-4/103 |
||
| 942 | _cBOOK | ||
| 980 | _aNB | ||